| 000 | 00695pam a2200229 i 4500 | ||
|---|---|---|---|
| 001 | 2772534 | ||
| 005 | 20180302044501.0 | ||
| 008 | 801029s1981 ilu b 001 0 eng | ||
| 010 | _a 80026607 | ||
| 020 | _a0226425886 | ||
| 040 |
_aDLC _cDLC _dDLC |
||
| 041 | _aeng | ||
| 043 | _an-mx--- | ||
| 080 | _a972.08 kat | ||
| 082 | 0 | 0 |
_a972.08 kat _219 |
| 100 | 1 | _a16 | |
| 101 | _ahis | ||
| 245 | 1 | 4 |
_aThe secret war in Mexico : _cFriedrich Katz ; with portions translated by Loren Goldner. |
| 504 | _aIncludes bibliographical references and index. | ||
| 906 |
_a7 _bcbc _corignew _du _eocip _f19 _gy-gencatlg |
||
| 942 |
_2ddc _cBK |
||
| 999 |
_c43990 _d43990 |
||